| 000 | 00753nam a2200229 i 4500 | ||
|---|---|---|---|
| 001 | bg | ||
| 100 | 1 |
_aBandurski, Wojciech _d(1946- ). |
|
| 245 | 1 | 0 |
_aAnaliza czasowa oraz symulacja komputerowa linii transmisyjnych / _cWojciech Bandurski. |
| 260 |
_aPoznań : _bWydaw. PP, _c1995. |
||
| 300 |
_a122 s. : _brys., wykr. ; _c24 cm. |
||
| 490 | 1 |
_aRozprawy / Politechnika Poznańska, _x0551-6528 ; _vnr 309 |
|
| 504 | _aBibliogr. s. 114-121. - Summ. | ||
| 650 | 9 |
_aSymulacja _xstosowanie _xelektronika |
|
| 650 | 9 |
_aUkłady scalone _xbadanie |
|
| 830 | 0 |
_aRozprawy (Politechnika Poznańska) ; _vnr 309 |
|
| 040 | _cBPK | ||
| 041 | 0 |
_apol _beng |
|
| 080 | _a621.3.049.77 | ||
| 080 | _a519.6 | ||
| 942 | _cKS | ||
| 008 | s pl f |000 0 pol | ||
| 999 |
_c30700 _d30700 |
||
| 856 |
_uhttp://koha.tu.koszalin.pl/cgi-bin/koha/opac-detail.pl?biblionumber=30700 _yKatalog online BPK |
||